[Event "2BLW 2122 SG Solingen II - SC Remagen S"]
[Site "?"]
[Date "2022.05.01"]
[Round "4.4"]
[White "Schlecht, Daniel"]
[Black "Dgebuadze, Alexandre"]
[Result "1/2-1/2"]
[WhiteElo "2376"]
[BlackElo "2464"]
[PlyCount "116"]
[EventDate "2022.??.??"]

1. d4 e6 2. c4 Bb4+ 3. Nd2 b6 4. a3 Bxd2+ 5. Qxd2 Bb7 6. Nf3 Nf6 7. e3 d6 8.
Be2 Nc6 9. b4 Ne7 10. O-O O-O 11. a4 Ne4 12. Qc2 f5 13. Ne1 Nc6 14. f3 Ng5 15.
b5 Nb4 16. Qb3 c5 17. Bd2 a5 18. bxa6 Nxa6 19. a5 Nb8 20. dxc5 dxc5 21. Bc3 Nf7
22. Qxb6 Qxb6 23. axb6 Rxa1 24. Bxa1 Nd7 25. Nd3 Ra8 26. Rd1 e5 27. f4 e4 28.
Ne5 Nxb6 29. Nxf7 Kxf7 30. Be5 Bc8 31. Rd6 Nd7 32. Rc6 Nxe5 33. fxe5 Be6 34.
Rc7+ Kf8 35. Rxc5 f4 36. exf4 e3 37. g4 Ra1+ 38. Kg2 Ra2 39. Kf3 Bxg4+ 40. Kxg4
Rxe2 41. Kf3 Re1 42. e6 e2 43. f5 g6 44. Re5 gxf5 45. Rxe2 Rc1 46. Kf4 Rxc4+
47. Kxf5 Ke7 48. Kg5 Rc6 49. Kf5 Rc4 50. h3 Rh4 51. Re3 Rh5+ 52. Kg4 Rh6 53.
Kg5 Rxe6 54. Rxe6+ Kxe6 55. Kh6 Kf5 56. h4 Kg4 57. h5 Kh4 58. Kxh7 Kxh5 1/2-1/2

[Event "2BLW 2122 SC Hansa Dortmund - SK Münste"]
[Site "?"]
[Date "2022.05.14"]
[Round "5.1"]
[White "Holtel, Jasper"]
[Black "Klyuner, Vyacheslav"]
[Result "1/2-1/2"]
[WhiteElo "2342"]
[BlackElo "2438"]
[PlyCount "114"]
[EventDate "2022.??.??"]

1. Nf3 Nf6 2. g3 d5 3. Bg2 c5 4. O-O Nc6 5. d4 e6 6. c4 Be7 7. cxd5 Nxd5 8.
dxc5 O-O 9. a3 Bxc5 10. Bd2 Be7 11. Nc3 Nb6 12. Qc2 Nc4 13. Rfd1 Nxd2 14. Nxd2
Qc7 15. Rac1 Rd8 16. e3 Bd7 17. Nce4 Rac8 18. b4 Qb8 19. Qb3 b6 20. Nf3 Be8 21.
Qb2 Rxd1+ 22. Rxd1 Rd8 23. Rc1 h6 24. h4 Rd5 25. Nc3 Rd3 26. Qe2 Rd8 27. Qa2
Ne5 28. Nd4 Rc8 29. Qa1 Nc4 30. Ne4 Bd7 31. Bf1 Qe5 32. Rxc4 Rxc4 33. Bxc4 Qxe4
34. Be2 e5 35. Bf3 Qd3 36. Nc6 Bf6 37. Qc1 a6 38. Nb8 Bb5 39. Bc6 g6 40. Bxb5
axb5 41. Qc8+ Kg7 42. Nd7 Qd6 43. Nxf6 Kxf6 44. Qh8+ Kf5 45. Qc8+ Qe6 46. Qc2+
e4 47. Kg2 Ke5 48. Qc3+ Kd5 49. Qd4+ Kc6 50. Qh8 h5 51. Qa8+ Kd7 52. Qb7+ Ke8
53. Qa8+ Ke7 54. Qb8 Qc6 55. Qe5+ Kd7 56. Qd4+ Ke6 57. Qd8 Kf5 1/2-1/2

[Event "2BLW 2122 SC Hansa Dortmund - SK Münste"]
[Site "?"]
[Date "2022.05.14"]
[Round "5.2"]
[White "Scholz, Christian"]
[Black "Webb, Laurence E"]
[Result "1-0"]
[WhiteElo "2362"]
[BlackElo "2155"]
[PlyCount "133"]
[EventDate "2022.??.??"]

1. d4 Nf6 2. c4 c5 3. d5 b5 4. cxb5 a6 5. bxa6 g6 6. Nc3 Bg7 7. e4 O-O 8. a7
Rxa7 9. Nf3 d6 10. Be2 Ba6 11. O-O Nbd7 12. a4 Ne8 13. Re1 Nc7 14. Qc2 Bxe2 15.
Rxe2 Ne5 16. Nxe5 Bxe5 17. Ra3 Qd7 18. b3 Rb7 19. Bb2 f5 20. Nd1 Bxb2 21. Nxb2
fxe4 22. Qxe4 Rf7 23. Nd3 Qf5 24. Qxf5 Rxf5 25. Rxe7 Rf7 26. Re1 Nxd5 27. f3
Kf8 28. Kf2 Rfe7 29. g3 Rxe1 30. Kxe1 Ke7 31. Kd2 Ke6 32. Nf2 Nb4 33. Ne4 Nc6
34. Kc3 h6 35. Ra1 Nd4 36. Nd2 Kd5 37. Re1 g5 38. Re8 Rf7 39. Rh8 Nxf3 40. Rxh6
Ne5 41. h3 Rf2 42. Rxd6+ Kxd6 43. Ne4+ Kd5 44. Nxf2 Nf3 45. a5 Kc6 46. Ne4 Kb5
47. a6 Kxa6 48. Nxc5+ Kb5 49. Ne6 Ng1 50. Nd4+ Kc5 51. h4 gxh4 52. gxh4 Nh3 53.
h5 Ng5 54. b4+ Kd5 55. h6 Ne4+ 56. Kd3 Nf6 57. b5 Kc5 58. Ke2 Kd5 59. Kf3 Kd6
60. Kf4 Ke7 61. Kf5 Kf7 62. b6 Nd7 63. b7 Nb8 64. Nf3 Kg8 65. Ne5 Kh7 66. Kg5
Na6 67. Nd7 1-0

[Event "2BLW 2122 SC Hansa Dortmund - SK Münste"]
[Site "?"]
[Date "2022.05.14"]
[Round "5.3"]
[White "Muschik, Benedikt"]
[Black "Kotter, Ralf"]
[Result "1/2-1/2"]
[WhiteElo "2330"]
[BlackElo "2335"]
[PlyCount "53"]
[EventDate "2022.??.??"]

1. d4 Nf6 2. Bf4 e6 3. e3 c5 4. c3 Be7 5. Nd2 cxd4 6. exd4 d6 7. Ngf3 O-O 8.
Bd3 b6 9. Qe2 Bb7 10. a4 a6 11. h3 Nbd7 12. O-O Re8 13. Nc4 Qc7 14. Ne3 Bf8 15.
Bh2 g6 16. Rfd1 Qc6 17. Qf1 Nh5 18. d5 exd5 19. Bc2 Nhf6 20. Bb3 Nc5 21. Nxd5
Nxd5 22. Bxd5 Qc7 23. Bxb7 Nxb7 24. Qd3 Qc6 25. Kf1 Na5 26. Qd5 Rac8 27. Qxc6
1/2-1/2

[Event "2BLW 2122 SC Hansa Dortmund - SK Münste"]
[Site "?"]
[Date "2022.05.14"]
[Round "5.4"]
[White "Schiefelbusch, Dirk"]
[Black "Wolter, Kai"]
[Result "1/2-1/2"]
[WhiteElo "2116"]
[BlackElo "2280"]
[PlyCount "41"]
[EventDate "2022.??.??"]

1. b4 d5 2. e3 Bf5 3. Bb2 e6 4. Nf3 Nf6 5. b5 h6 6. c4 Be7 7. Be2 O-O 8. O-O c5
9. d4 dxc4 10. Bxc4 Nbd7 11. Nc3 Nb6 12. Be2 Rc8 13. Rc1 Bg4 14. dxc5 Bxc5 15.
Qb3 Qe7 16. Na4 Nxa4 17. Qxa4 Bf5 18. Nd4 Rfd8 19. Nxf5 exf5 20. Bxf6 Qxf6 21.
Bf3 1/2-1/2

[Event "2BLW 2122 SC Hansa Dortmund - SK Münste"]
[Site "?"]
[Date "2022.05.14"]
[Round "5.5"]
[White "Schmitzer, Klaus"]
[Black "Zelt, Jens"]
[Result "1-0"]
[WhiteElo "2261"]
[BlackElo "2083"]
[PlyCount "67"]
[EventDate "2022.??.??"]

1. e4 d6 2. d4 c6 3. Nc3 Nd7 4. Be3 e5 5. Nge2 Be7 6. Qd2 Qc7 7. f3 Nb6 8. Ng3
g6 9. f4 f6 10. a4 exd4 11. Qxd4 Be6 12. a5 Nd7 13. Bc4 Nf8 14. O-O Qd7 15. f5
Bxc4 16. Qxc4 Bd8 17. b4 a6 18. Rad1 Bc7 19. Na4 Qe7 20. Bb6 Bxb6+ 21. Nxb6 Rd8
22. Qd4 Qe5 23. Nc4 Qxd4+ 24. Rxd4 d5 25. exd5 cxd5 26. Nb6 Ne7 27. Re1 Kf7 28.
c4 gxf5 29. cxd5 Nfg6 30. Rc4 Nxd5 31. Nxd5 Rxd5 32. Rc7+ Kf8 33. Nh5 Rd6 34.
Rxb7 1-0

[Event "2BLW 2122 SC Hansa Dortmund - SK Münste"]
[Site "?"]
[Date "2022.05.14"]
[Round "5.6"]
[White "Hillebrand, Carsten"]
[Black "Chilla, Jan Eric"]
[Result "0-1"]
[WhiteElo "1994"]
[BlackElo "2236"]
[PlyCount "54"]
[EventDate "2022.??.??"]

1. Nf3 Nf6 2. d4 e6 3. g3 d5 4. Bg2 b5 5. O-O Bb7 6. a4 b4 7. c4 c5 8. dxc5
Bxc5 9. cxd5 Bxd5 10. Bf4 O-O 11. Qc1 Nbd7 12. Nbd2 Rc8 13. Qb1 e5 14. Bg5 h6
15. Bxf6 Nxf6 16. e4 Bb7 17. h3 Ba6 18. Re1 Qb6 19. a5 Bxf2+ 20. Kh2 Qd6 21.
Rd1 Be2 22. Rc1 Nh5 23. g4 Ng3 24. Qa2 Bxf3 25. Nxf3 Nxe4 26. Bf1 Rxc1 27. Rxc1
Qf6 0-1

[Event "2BLW 2122 SC Hansa Dortmund - SK Münste"]
[Site "?"]
[Date "2022.05.14"]
[Round "5.8"]
[White "Werner, Patrick"]
[Black "Kamp, Christoph"]
[Result "1/2-1/2"]
[WhiteElo "1885"]
[BlackElo "2260"]
[PlyCount "57"]
[EventDate "2022.??.??"]

1. Nf3 d5 2. g3 e6 3. Bg2 Nf6 4. O-O c5 5. c4 Nc6 6. cxd5 Nxd5 7. Nc3 Be7 8.
Nxd5 Qxd5 9. d3 e5 10. b3 O-O 11. Bb2 Qd6 12. Rc1 Be6 13. Qd2 Rac8 14. Rfd1
Rfd8 15. Qe3 f6 16. Ba3 b6 17. Kf1 Qd7 18. Qe4 g5 19. h4 g4 20. Nh2 Nd4 21. e3
Bf5 22. Qb7 Nb5 23. Qxd7 Rxd7 24. e4 Be6 25. Bb2 Rcd8 26. Ke2 a5 27. f4 exf4
28. gxf4 f5 29. exf5 1/2-1/2

[Event "2BLW 2122 SG Solingen II - SG Bochum"]
[Site "?"]
[Date "2022.05.14"]
[Round "5.1"]
[White "Schlawin, Marlon"]
[Black "Krastev, Alexander"]
[Result "0-1"]
[WhiteElo "2327"]
[BlackElo "2402"]
[PlyCount "50"]
[EventDate "2022.??.??"]

1. c4 g6 2. g3 Bg7 3. Bg2 c5 4. Nc3 Nc6 5. e3 d6 6. Nge2 h5 7. h3 Nf6 8. O-O
Bd7 9. Nf4 Qc8 10. Kh2 h4 11. g4 Ne5 12. Qb3 Bc6 13. f3 g5 14. Nfd5 Bxd5 15.
cxd5 c4 16. Qb5+ Kf8 17. b3 a6 18. Qa5 b5 19. a4 b4 20. Qxb4 Rb8 21. Qa5 cxb3
22. d3 b2 23. Rb1 bxc1=Q 24. Rxb8 Nxf3+ 25. Bxf3 Qc2+ 0-1

[Event "2BLW 2122 SG Solingen II - SG Bochum"]
[Site "?"]
[Date "2022.05.14"]
[Round "5.2"]
[White "Roseneck, Jonas"]
[Black "Tkachuk, Konstantyn"]
[Result "1-0"]
[WhiteElo "2376"]
[BlackElo "2265"]
[PlyCount "93"]
[EventDate "2022.??.??"]

1. c4 g6 2. d4 Bg7 3. e4 d6 4. Be2 c5 5. d5 e5 6. Nc3 Ne7 7. g4 O-O 8. g5 f5 9.
gxf6 Rxf6 10. Be3 a6 11. a4 Qf8 12. Qd2 b6 13. h4 Ra7 14. Nh3 Bxh3 15. Rxh3 h5
16. Rg3 Kh7 17. Bf1 Bh6 18. Bh3 Bf4 19. Rg1 Bxe3 20. fxe3 Ng8 21. O-O-O Rf2 22.
Qe1 Raf7 23. Bf5 R7xf5 24. exf5 Qxf5 25. Rd2 Rf3 26. Rdg2 Nf6 27. Rxg6 Qxg6 28.
Rxg6 Kxg6 29. Kd2 Ng4 30. Qb1+ Kg7 31. Ne4 Rxe3 32. Nxd6 Rf3 33. Ne8+ Kh6 34.
b4 Rf2+ 35. Ke1 Nd7 36. bxc5 bxc5 37. Qb7 Rf7 38. Nd6 Rh7 39. Qxa6 Kg6 40. Ne4+
Kf5 41. Ng3+ Kf4 42. Ne2+ Ke3 43. Qa5 Rh6 44. Qd2+ Ke4 45. Ng3+ Kf3 46. Qd3+
Kg2 47. Ne2 1-0

[Event "2BLW 2122 SG Solingen II - SG Bochum"]
[Site "?"]
[Date "2022.05.14"]
[Round "5.3"]
[White "Hengelbrock, Joachim"]
[Black "Schlecht, Daniel"]
[Result "1/2-1/2"]
[WhiteElo "2295"]
[BlackElo "2376"]
[PlyCount "23"]
[EventDate "2022.??.??"]

1. Nf3 d5 2. c4 e6 3. b3 Nf6 4. g3 Be7 5. Bg2 O-O 6. O-O c5 7. cxd5 Nxd5 8. Bb2
Nc6 9. Nc3 Nxc3 10. Bxc3 Rb8 11. Rc1 b6 12. d4 1/2-1/2

[Event "2BLW 2122 SG Solingen II - SG Bochum"]
[Site "?"]
[Date "2022.05.14"]
[Round "5.4"]
[White "Schaefer, Markus"]
[Black "Tkachuk, Sergij"]
[Result "1/2-1/2"]
[WhiteElo "2373"]
[BlackElo "2243"]
[PlyCount "51"]
[EventDate "2022.??.??"]

1. e4 c5 2. Nf3 d6 3. g3 Nf6 4. Nc3 Nc6 5. Bg2 g6 6. O-O Bg7 7. d3 O-O 8. h3
Rb8 9. a4 a6 10. Be3 e5 11. Qd2 b5 12. axb5 axb5 13. Ne2 Bb7 14. Bh6 d5 15.
Bxg7 Kxg7 16. exd5 Nxd5 17. Nc3 Nxc3 18. bxc3 Re8 19. Qe3 Qe7 20. Nd2 b4 21.
Nb3 bxc3 22. Qxc5 Nd4 23. Qxe7 Rxe7 24. Nxd4 Bxg2 25. Nf5+ gxf5 26. Kxg2
1/2-1/2

[Event "2BLW 2122 SG Solingen II - SG Bochum"]
[Site "?"]
[Date "2022.05.14"]
[Round "5.5"]
[White "Backwinkel, Paul"]
[Black "Zolfagharian, Kevin"]
[Result "0-1"]
[WhiteElo "2294"]
[BlackElo "2239"]
[PlyCount "92"]
[EventDate "2022.??.??"]

1. d4 Nf6 2. c3 d5 3. Nf3 c5 4. Bf4 e6 5. e3 Bd6 6. Bxd6 Qxd6 7. Ne5 Nc6 8. f4
Rb8 9. Nd2 b5 10. Bd3 O-O 11. O-O b4 12. Rf3 bxc3 13. bxc3 cxd4 14. exd4 Ne7
15. g4 Nd7 16. Rh3 f5 17. g5 Nxe5 18. fxe5 Qa3 19. Nb3 Ng6 20. Rf3 a5 21. Qc1
Qe7 22. Kh1 a4 23. Nc5 Nxe5 24. Rg3 f4 25. Rg1 Nf3 26. Bxh7+ Kxh7 27. Qd1 Nxg5
28. Qh5+ Kg8 29. Rxg5 Rf5 30. Rxf5 exf5 31. Qf3 Qd6 32. Nxa4 Bd7 33. Nc5 Re8
34. Rf1 Bb5 35. Qxf4 Qf6 36. Rf2 Qg6 37. Qg3 Qh5 38. Qf3 Re1+ 39. Kg2 Qg5+ 40.
Qg3 Qc1 41. Qb8+ Kh7 42. Qf4 Rg1+ 43. Kh3 Bf1+ 44. Rxf1 Qxf1+ 45. Qxf1 Rxf1 46.
a4 Rf3+ 0-1

[Event "2BLW 2122 SG Solingen II - SG Bochum"]
[Site "?"]
[Date "2022.05.14"]
[Round "5.6"]
[White "Berg, Michael"]
[Black "Mazarov, Juergen"]
[Result "0-1"]
[WhiteElo "2292"]
[BlackElo "2131"]
[PlyCount "108"]
[EventDate "2022.??.??"]

1. d4 g6 2. c4 Bg7 3. Nc3 d6 4. Nf3 Nd7 5. e4 e5 6. Be2 Ne7 7. Bg5 f6 8. Bh4
O-O 9. O-O a6 10. h3 Qe8 11. Re1 h6 12. Rc1 Rf7 13. c5 exd4 14. Nxd4 Nxc5 15.
Bc4 Nc6 16. Bxf7+ Qxf7 17. Nxc6 bxc6 18. b4 Ne6 19. Qd2 Rb8 20. a3 c5 21. Nd5
Bb7 22. Re3 Rf8 23. Kh1 Kh7 24. Rf3 g5 25. Bg3 Nd4 26. Rd3 f5 27. bxc5 fxe4 28.
Rxd4 Bxd4 29. cxd6 Qxd5 30. Rxc7+ Bg7 31. Qxd5 Bxd5 32. Be5 Bf7 33. Bxg7 Kxg7
34. Ra7 Rd8 35. Rxa6 Rd7 36. a4 Kf6 37. a5 Ke5 38. Ra8 Rxd6 39. a6 Bd5 40. Ra7
Kd4 41. h4 gxh4 42. Kh2 Bc4 43. Kh3 Rxa6 44. Rd7+ Ke5 45. Kxh4 Rg6 46. g3 Be2
47. Rd2 Bf3 48. Ra2 Rg5 49. Ra5+ Kf6 50. Ra6+ Kg7 51. Ra7+ Kf8 52. g4 Rxg4+ 53.
Kh3 Rg2 54. Ra2 Kg7 0-1

[Event "2BLW 2122 SG Solingen II - SG Bochum"]
[Site "?"]
[Date "2022.05.14"]
[Round "5.7"]
[White "Prieb, Robert"]
[Black "Michalczak, Thomas"]
[Result "1-0"]
[WhiteElo "2100"]
[BlackElo "2260"]
[PlyCount "37"]
[EventDate "2022.??.??"]

1. d4 d5 2. c4 e6 3. Nf3 Nf6 4. Nc3 Nbd7 5. e3 b6 6. cxd5 exd5 7. Ne5 Nxe5 8.
dxe5 Ne4 9. Bb5+ Bd7 10. Qxd5 Nc5 11. Bxd7+ Nxd7 12. e6 fxe6 13. Qxe6+ Qe7 14.
Qc6 Qd8 15. O-O Bd6 16. Nb5 O-O 17. Nxd6 Ne5 18. Qd5+ Nf7 19. Nf5 1-0

[Event "2BLW 2122 SG Solingen II - SG Bochum"]
[Site "?"]
[Date "2022.05.14"]
[Round "5.8"]
[White "Wickenfeld, Stefan"]
[Black "Gluma, Christian"]
[Result "1-0"]
[WhiteElo "2173"]
[BlackElo "1954"]
[PlyCount "89"]
[EventDate "2022.??.??"]

1. d4 d5 2. Nf3 Nf6 3. g3 e6 4. Bg2 b5 5. O-O Bd6 6. a4 b4 7. c4 bxc3 8. bxc3
Ba6 9. Re1 Nbd7 10. Nbd2 O-O 11. e4 Nxe4 12. Nxe4 dxe4 13. Ng5 Rb8 14. h4 Nf6
15. Nxe4 Bb7 16. Bg5 Be7 17. Nxf6+ Bxf6 18. Bxf6 Qxf6 19. Re5 Bxg2 20. Kxg2 Rb2
21. Qf3 Qxf3+ 22. Kxf3 Rc8 23. Rb5 Rb8 24. Rc5 R2b7 25. a5 Rc8 26. Ra4 Kf8 27.
Rac4 Ke8 28. a6 Rb6 29. Rxc7 Rxc7 30. Rxc7 Rxa6 31. c4 Ra2 32. c5 a5 33. Ra7 a4
34. Ke4 Re2+ 35. Kd3 Rxf2 36. Kc4 Ra2 37. c6 Rc2+ 38. Kb5 Kd8 39. Rxa4 f6 40.
Ra8+ Kc7 41. Ra7+ Kc8 42. Rxg7 h5 43. Re7 e5 44. d5 Rc1 45. d6 1-0

[Event "2BLW 2122 SC Heimbach-Weis-Neuwied - SC"]
[Site "?"]
[Date "2022.05.14"]
[Round "5.1"]
[White "Chatalbashev, Boris"]
[Black "Livaic, Leon"]
[Result "1/2-1/2"]
[WhiteElo "2539"]
[BlackElo "2560"]
[PlyCount "95"]
[EventDate "2022.??.??"]

1. d4 e6 2. c4 Bb4+ 3. Nd2 Nf6 4. a3 Be7 5. e4 d5 6. e5 Nfd7 7. cxd5 exd5 8.
Bd3 c5 9. Ne2 Nc6 10. Nf3 cxd4 11. Bf4 Nc5 12. Nexd4 Ne6 13. Nxe6 Bxe6 14. O-O
Rc8 15. b4 Qd7 16. b5 Na5 17. Nd4 Bc5 18. Nxe6 fxe6 19. Qb1 Qf7 20. Be3 Nc4 21.
Bxc5 Rxc5 22. f4 g6 23. Ra2 O-O 24. Re2 Rfc8 25. Qb4 Qc7 26. a4 Qb6 27. Kh1
R5c7 28. g4 Qd4 29. Bb1 Rf8 30. f5 Qxg4 31. Rg2 Qh3 32. Re1 exf5 33. b6 axb6
34. Rg3 Qh4 35. e6 Qe7 36. Qb5 Qc5 37. e7 Rxe7 38. Rxe7 Qxe7 39. Qxd5+ Qf7 40.
Qxf7+ Rxf7 41. Ba2 Nb2 42. Ra3 Kf8 43. Bxf7 Kxf7 44. Ra2 Nd3 45. Rc2 Nc5 46. a5
Ke6 47. axb6 Kd5 48. h4 1/2-1/2

[Event "2BLW 2122 SC Heimbach-Weis-Neuwied - SC"]
[Site "?"]
[Date "2022.05.14"]
[Round "5.2"]
[White "Michalik, Peter"]
[Black "Swinkels, Robin"]
[Result "1/2-1/2"]
[WhiteElo "2581"]
[BlackElo "2504"]
[PlyCount "68"]
[EventDate "2022.??.??"]

1. e4 c5 2. Nf3 d6 3. d4 cxd4 4. Nxd4 Nf6 5. Nc3 Nc6 6. Bg5 e6 7. Qd3 Be7 8.
O-O-O O-O 9. f4 Qb6 10. Be2 Rd8 11. Nb3 a6 12. Qg3 Qc7 13. Rhf1 Bd7 14. f5 Kh8
15. Qh4 Ne5 16. Nd4 Rf8 17. g4 Rae8 18. Qg3 b5 19. a3 Qb7 20. Bf4 Nxe4 21. Qg2
Bc6 22. Nxc6 Nxc3 23. bxc3 Qxc6 24. Qxc6 Nxc6 25. fxe6 d5 26. exf7 Bxa3+ 27.
Kd2 Rxf7 28. Ra1 b4 29. Bg3 Rxf1 30. Bxf1 Bb2 31. Rxa6 Bxc3+ 32. Kd3 Ne5+ 33.
Bxe5 Bxe5 34. Bg2 Bxh2 1/2-1/2

[Event "2BLW 2122 SC Heimbach-Weis-Neuwied - SC"]
[Site "?"]
[Date "2022.05.14"]
[Round "5.3"]
[White "Burg, Twan"]
[Black "Polak, Tomas"]
[Result "1/2-1/2"]
[WhiteElo "2507"]
[BlackElo "2514"]
[PlyCount "119"]
[EventDate "2022.??.??"]

1. e4 c6 2. Nf3 d5 3. Nc3 Bg4 4. h3 Bxf3 5. Qxf3 e6 6. d4 Nf6 7. exd5 cxd5 8.
Bd3 Nc6 9. Ne2 Be7 10. c3 a6 11. Bf4 b5 12. a4 b4 13. c4 O-O 14. c5 Nd7 15. Rd1
Re8 16. O-O Nf8 17. Bc2 Ng6 18. Qh5 Bf6 19. Bd6 Qd7 20. Rd2 Bd8 21. b3 f5 22.
g4 Nh4 23. f4 Be7 24. Bxe7 Qxe7 25. g5 Ng6 26. Qf3 Qc7 27. Rf2 Kf7 28. Rh2 Ke7
29. h4 Kd8 30. h5 Nge7 31. Qe3 Qd7 32. Kf2 Na5 33. Ng1 Nec6 34. Nf3 Kc7 35. Kg3
Kb7 36. Qe1 Re7 37. Rde2 Ka7 38. h6 g6 39. Qd2 Qc7 40. Rh1 Rae8 41. Rhe1 Ka8
42. Re3 Ka7 43. Bd1 Qb7 44. Be2 Qb8 45. Bf1 Qb7 46. Qd3 Qc8 47. R3e2 Qb7 48.
Re3 Qc8 49. Kg2 Qb7 50. Kf2 Qc8 51. Kg2 Qb7 52. Kf2 Qc8 53. Kg3 Qb7 54. Qd2 Qb8
55. Qe2 Qc8 56. Rc1 Qb7 57. Qd2 Qb8 58. Rb1 Qb7 59. Ree1 Qb8 60. Qd3 1/2-1/2

[Event "2BLW 2122 SC Heimbach-Weis-Neuwied - SC"]
[Site "?"]
[Date "2022.05.14"]
[Round "5.4"]
[White "Winterberg, Lukas"]
[Black "Cyborowski, Lukasz"]
[Result "1/2-1/2"]
[WhiteElo "2384"]
[BlackElo "2485"]
[PlyCount "52"]
[EventDate "2022.??.??"]

1. d4 g6 2. c4 Bg7 3. Nc3 c5 4. d5 d6 5. e4 Nf6 6. h3 O-O 7. Nf3 e6 8. Be3 exd5
9. cxd5 Re8 10. Nd2 Na6 11. Be2 Nc7 12. a4 b6 13. O-O Ba6 14. Bxa6 Nxa6 15. Bg5
Qb8 16. Re1 Nd7 17. f4 Nb4 18. Nc4 a6 19. Qd2 Bd4+ 20. Kh1 Qc7 21. Re2 f6 22.
Bh4 Rf8 23. Bg3 Rae8 24. Rae1 Kg7 25. Bf2 Bxf2 26. Rxf2 Qb8 1/2-1/2

[Event "2BLW 2122 SC Heimbach-Weis-Neuwied - SC"]
[Site "?"]
[Date "2022.05.14"]
[Round "5.5"]
[White "Dgebuadze, Alexandre"]
[Black "Schulz, Klaus-Juergen"]
[Result "1/2-1/2"]
[WhiteElo "2464"]
[BlackElo "2325"]
[PlyCount "44"]
[EventDate "2022.??.??"]

1. e4 c6 2. Nf3 d5 3. Nc3 Bg4 4. h3 Bxf3 5. Qxf3 e6 6. d3 Nf6 7. g4 Bb4 8. Bd2
Qa5 9. a3 d4 10. Nb1 Bxd2+ 11. Nxd2 Nbd7 12. Be2 h5 13. Qg2 hxg4 14. hxg4 Rxh1+
15. Qxh1 O-O-O 16. f4 g5 17. O-O-O gxf4 18. Qh6 Rg8 19. Qxf4 Qe5 20. Rf1 Qxf4
21. Rxf4 e5 22. Rf5 Nxg4 1/2-1/2

[Event "2BLW 2122 SC Heimbach-Weis-Neuwied - SC"]
[Site "?"]
[Date "2022.05.14"]
[Round "5.6"]
[White "Ronge, Tim"]
[Black "Jaracz, Pawel"]
[Result "1/2-1/2"]
[WhiteElo "2182"]
[BlackElo "2465"]
[PlyCount "46"]
[EventDate "2022.??.??"]

1. e4 e5 2. Nf3 Nc6 3. Bb5 a6 4. Ba4 Nf6 5. d3 d6 6. O-O g6 7. c4 Bg7 8. Nc3
O-O 9. h3 h6 10. Be3 Bd7 11. Bc2 Nh7 12. d4 Ng5 13. dxe5 Nxf3+ 14. Qxf3 dxe5
15. Bc5 Nd4 16. Qd3 Re8 17. Rad1 b6 18. Bxd4 exd4 19. Ne2 c5 20. f4 Qh4 21. Ng3
f5 22. Rde1 fxe4 23. Rxe4 Rad8 1/2-1/2

[Event "2BLW 2122 SC Heimbach-Weis-Neuwied - SC"]
[Site "?"]
[Date "2022.05.14"]
[Round "5.7"]
[White "Sarrau, Jelle"]
[Black "Puth, Dieter"]
[Result "1/2-1/2"]
[WhiteElo "2405"]
[BlackElo "2227"]
[PlyCount "31"]
[EventDate "2022.??.??"]

1. c4 c5 2. Nf3 Nf6 3. d4 cxd4 4. Nxd4 Nc6 5. Nc3 e6 6. g3 Qb6 7. Nb3 Ne5 8. e4
Bb4 9. Qe2 d6 10. Bd2 O-O 11. O-O-O Bd7 12. f4 Ng6 13. Bg2 Rfc8 14. Kb1 a5 15.
Rc1 Qa6 16. Bf1 1/2-1/2

[Event "2BLW 2122 SC Heimbach-Weis-Neuwied - SC"]
[Site "?"]
[Date "2022.05.14"]
[Round "5.8"]
[White "Roos, Thomas"]
[Black "Polaczek, Richard"]
[Result "0-1"]
[WhiteElo "2169"]
[BlackElo "2356"]
[PlyCount "80"]
[EventDate "2022.??.??"]

1. d4 Nf6 2. c4 e6 3. g3 d5 4. Bg2 Bb4+ 5. Bd2 Be7 6. Nf3 O-O 7. Qc2 c6 8. O-O
Ne4 9. Ne5 f5 10. Be3 Nd7 11. f3 Nxe5 12. dxe5 Bc5 13. Bxc5 Nxc5 14. e3 Qb6 15.
Nd2 Bd7 16. Kh1 a5 17. Rac1 Rac8 18. Rfd1 Be8 19. Re1 Bg6 20. f4 Bh5 21. b3
Rfd8 22. cxd5 cxd5 23. Bf3 Be8 24. g4 Ne4 25. Qxc8 Nxd2 26. Qc7 Qxc7 27. Rxc7
Nxf3 28. Rec1 Bc6 29. gxf5 exf5 30. Kg2 Nh4+ 31. Kg3 Ng6 32. Rc5 h5 33. Rxa5 d4
34. exd4 Rxd4 35. e6 h4+ 36. Kf2 Rxf4+ 37. Ke1 Re4+ 38. Kd1 Rxe6 39. Rxf5 Ne7
40. Rh5 Bf3+ 0-1

[Event "2BLW 2122 SV Koblenz - SG Porz"]
[Site "?"]
[Date "2022.05.14"]
[Round "5.1"]
[White "Lutz, Christopher"]
[Black "Seul, Georg"]
[Result "1/2-1/2"]
[WhiteElo "2538"]
[BlackElo "2379"]
[PlyCount "47"]
[EventDate "2022.??.??"]

1. e4 c6 2. d4 d5 3. Nc3 dxe4 4. Nxe4 Nf6 5. Nxf6+ exf6 6. c3 Bd6 7. Bd3 O-O 8.
Qc2 Re8+ 9. Ne2 h5 10. Be3 Nd7 11. O-O-O Nf8 12. Kb1 Be6 13. h3 Bd5 14. Rhg1
Bh2 15. c4 Bxg1 16. cxd5 Rxe3 17. fxe3 Bxe3 18. dxc6 bxc6 19. Qxc6 Rb8 20. Bc4
g6 21. g4 h4 22. Bb3 Kg7 23. Nc3 Nh7 24. Nd5 1/2-1/2

[Event "2BLW 2122 SV Koblenz - SG Porz"]
[Site "?"]
[Date "2022.05.14"]
[Round "5.2"]
[White "Schenderowitsch, Michael"]
[Black "Xu, Xianliang"]
[Result "1/2-1/2"]
[WhiteElo "2335"]
[BlackElo "2440"]
[PlyCount "40"]
[EventDate "2022.??.??"]

1. d4 d5 2. c4 e5 3. dxe5 Ne7 4. cxd5 Qxd5 5. Qxd5 Nxd5 6. a3 Nc6 7. Nf3 Be6 8.
e4 Nb6 9. Bb5 Bc4 10. Bxc4 Nxc4 11. e6 fxe6 12. Nbd2 Nd6 13. b3 Nb5 14. Bb2
O-O-O 15. Ng5 Nbd4 16. Nf7 Nc2+ 17. Ke2 Nxa1 18. Rxa1 Be7 19. Nxh8 Rxh8 20. Nc4
Rd8 1/2-1/2

[Event "2BLW 2122 SV Koblenz - SG Porz"]
[Site "?"]
[Date "2022.05.14"]
[Round "5.3"]
[White "Rotstein, Arkadij"]
[Black "Fritsche, Lutz"]
[Result "1-0"]
[WhiteElo "2458"]
[BlackElo "2315"]
[PlyCount "81"]
[EventDate "2022.??.??"]

1. c4 e5 2. g3 Nc6 3. Bg2 g6 4. Nc3 Bg7 5. d3 Nf6 6. e3 O-O 7. Nge2 d6 8. O-O
Bf5 9. h3 Re8 10. e4 Be6 11. Nd5 Nd4 12. Nxd4 exd4 13. Nf4 Bc8 14. b4 c6 15.
Rb1 Nd7 16. Qc2 h5 17. Ne2 Nf8 18. Kh2 Bd7 19. Bb2 Ne6 20. f4 a5 21. a3 axb4
22. axb4 h4 23. g4 Qb6 24. f5 Be5+ 25. Kh1 Nf8 26. c5 Qxb4 27. Bxd4 Qa4 28.
Qxa4 Rxa4 29. Bxe5 dxe5 30. Rxb7 Ra2 31. Ng1 Bc8 32. Rc7 Ba6 33. Rxc6 Bxd3 34.
Rd1 Rb8 35. Rb6 Rxb6 36. cxb6 Ba6 37. Nf3 Rb2 38. Rd6 Bb7 39. Nxe5 Rb1+ 40. Kh2
Rb2 41. Nc4 1-0

[Event "2BLW 2122 SV Koblenz - SG Porz"]
[Site "?"]
[Date "2022.05.14"]
[Round "5.4"]
[White "Hammes, Michael"]
[Black "Korotkjevich, Stanislav"]
[Result "1-0"]
[WhiteElo "2334"]
[BlackElo "2360"]
[PlyCount "79"]
[EventDate "2022.??.??"]

1. d4 d6 2. c4 e5 3. Nc3 exd4 4. Qxd4 Nc6 5. Qd2 Nf6 6. b3 Be7 7. g3 Be6 8. Bg2
O-O 9. Nh3 Qd7 10. Nf4 Rfe8 11. O-O a6 12. Bb2 Rab8 13. Rac1 Ne5 14. Ncd5 Bd8
15. Rfd1 Bf5 16. Nxf6+ Bxf6 17. Nh5 Qe7 18. Nxf6+ gxf6 19. h3 Nd7 20. Re1 Be4
21. f3 Bc6 22. e4 Qf8 23. b4 b6 24. Kh2 Re7 25. g4 Rbe8 26. g5 Re6 27. gxf6
Nxf6 28. Rg1 Nh5 29. Qg5+ Ng7 30. Bf6 Re5 31. Bxe5 dxe5 32. Bf1 f6 33. Qh6 Kh8
34. b5 Bb7 35. c5 axb5 36. Bxb5 c6 37. Bc4 b5 38. Bb3 Bc8 39. Rg6 f5 40. Rf6
1-0

[Event "2BLW 2122 SV Koblenz - SG Porz"]
[Site "?"]
[Date "2022.05.14"]
[Round "5.5"]
[White "Suvorov, Luca"]
[Black "Doncevic, Dario"]
[Result "1-0"]
[WhiteElo "2309"]
[BlackElo "2215"]
[PlyCount "71"]
[EventDate "2022.??.??"]

1. d4 Nf6 2. c4 g6 3. f3 d5 4. cxd5 Nxd5 5. e4 Nb6 6. Nc3 Bg7 7. Be3 O-O 8. Qd2
e5 9. d5 c6 10. Rd1 cxd5 11. exd5 N8d7 12. h4 Nf6 13. Bg5 Re8 14. Bb5 Bd7 15.
Bd3 Qc7 16. Bxf6 Bxf6 17. Nge2 Bg7 18. h5 f5 19. hxg6 hxg6 20. Qg5 Qd6 21. g4
e4 22. fxe4 fxe4 23. Bb1 Nc4 24. Nxe4 Rxe4 25. Bxe4 Ne5 26. Rd2 Rf8 27. Qh4 Rf3
28. Kd1 Bxg4 29. Bxf3 Bxf3 30. Qh7+ Kf7 31. Rf1 Qf6 32. Qh3 g5 33. Qc8 g4 34.
d6 Kg6 35. d7 Qf5 36. d8=Q 1-0